| 000 | 00690nam a2200217Ia 4500 | ||
|---|---|---|---|
| 003 | GCL | ||
| 005 | 20240530103900.0 | ||
| 008 | 140319s9999 xx 000 0 ara d | ||
| 040 |
_aGCL / _cGCL |
||
| 082 | 0 | 4 |
_a350.101 _bع ا |
| 100 | 0 | _aعبدالحميد شرف | |
| 245 | 1 | 0 |
_aالادارة فى التربية الرياضية بين النظرية والتطبيق / _cعبدالحميد شرف |
| 260 |
_a[S.N] : _bمركز الكتاب للنشر ، _c1990 |
||
| 300 | _a301 ص | ||
| 650 | 0 | 4 | _aالادارة |
| 650 | 0 | 4 | _aالتخطيط |
| 650 | 0 | 4 | _aالتنظيم |
| 650 | 0 | 4 | _aالرياضة البدنية |
| 650 | 0 | 4 | _aاتخاذ القرارات |
| 942 |
_2ddc _cBK |
||
| 999 |
_c43187 _d43187 |
||